000 nam a22 7a 4500
999 _c9629
_d9629
008 180205b ||||| |||| 00| 0 eng d
100 _aRastogi,R.
_95757
245 _aLet us Identify Useful Trees
260 _aNew Delhi
_bCBT
_c2014